Statistics for A Game of Thrones Trivia

Click here to take the quiz!

General Stats

  • This quiz has been taken 689 times
    (667 since last reset)
  • The average score is 12 of 23

Answer Stats

HintAnswer% Correct
Eddard Stark's bastard childJon Snow
94%
Eddard Stark's SwordIce
89%
Daenerys Targaryen's Dragon #1Drogon
84%
According to the popular theory #9's motherLyanna Stark
77%
According to the popular theory #9's fatherRhaegar Targaryen
74%
Daenerys Targaryen's Dragon #3Viserion
70%
One of the swords #12 is split intoOathkeeper
65%
Daenerys Targaryen's Dragon #2Rhaegal
64%
Who executed Eddard StarkSer Ilyn Payne
61%
The name of Daenery's stillborn childRhaego
60%
Young Griff's True NameAegon IV
55%
The guild of assassins in BraavosThe Faceless Men
52%
Aegon the Conqueror's DragonBalerion
51%
One of the swords #12 is split intoWidow's Wail
50%
The poison used to kill Jon ArrynTears of Lys
41%
The Lord of Light's true nameR'hllor
34%
Griff's True NameJon Connington
32%
Rhaenys Targaryen's DragonMeraxes
32%
The temple of the above guildHouse of Black and White
29%
Visenya Targaryen's DragonVhagar
23%
The religion the guild followsThe Many-Faced God
17%
The Lord of Light's eternal enemyThe Great Other
16%
The leader of the above guildThe Kindly Man
9%

Score Distribution

Percentile by Number Answered

Percent of People with Each Score

Your Score History

You have not taken this quiz since the last reset